Fundamentals of physics :

Wedi'i Gadw mewn:
Manylion Llyfryddiaeth
Prif Awdur: Halliday, David
Fformat: Llyfr
Iaith:Undetermined
Cyhoeddwyd: New York Wiley & Sons 2001
Pynciau:
Tagiau: Ychwanegu Tag
Dim Tagiau, Byddwch y cyntaf i dagio'r cofnod hwn!
Thư viện lưu trữ: Trung tâm Học liệu Trường Đại học Cần Thơ
LEADER 00495nam a2200181Ia 4500
001 CTU_109850
008 210402s9999 xx 000 0 und d
082 |a 530 
082 |b H188/P.3 
100 |a Halliday, David 
245 0 |a Fundamentals of physics : 
245 0 |c David Halliday, Robert Resnick, Jearl Walker 
260 |a New York 
260 |b Wiley & Sons 
260 |c 2001 
650 |a Physics 
904 |i Giang, Q. Hieu 
980 |a Trung tâm Học liệu Trường Đại học Cần Thơ